Carta de suelos de la República Argentina hojas 3160-31 y 32, San Carlos - Coronda /
Guardado en:
| Autor Corporativo: | |
|---|---|
| Formato: | Mapa |
| Idioma: | Undetermined |
| Publicado: |
Rafaela :
INTA,
1991.
|
| Materias: | |
| Etiquetas: |
Agregar Etiqueta
Sin Etiquetas, Sea el primero en etiquetar este registro!
|
| LEADER | 00972nem a22001695a 4500 | ||
|---|---|---|---|
| 001 | EEA.libagro010180 | ||
| 005 | 20181102130955.0 | ||
| 008 | 141015s1991####ag########a#####1###und#d | ||
| 082 | 0 | 4 | |a 631.4782 |
| 110 | 2 | |a Instituto Nacional de Tecnología Agropecuaria (Argentina). |b Estación Experimental Agropecuaria Rafaela. | |
| 245 | 1 | 0 | |a Carta de suelos de la República Argentina |h [material cartográfico] : |b hojas 3160-31 y 32, San Carlos - Coronda / |c Instituto Nacional de Tecnología Agropecuaria, Estación Experimental Agropecuaria Rafaela. |
| 255 | |a Escala 1:50.000 | ||
| 260 | |a Rafaela : |b INTA, |c 1991. | ||
| 300 | |a 192 p. : |b il. ; |c 28 cm. + |e 6 fotocartas pleg. en sobre. | ||
| 505 | 0 | |a Hoja 3160-31-1 Santa Clara de Buena Vista -- Hoja 3160-31-2 San Carlos Centro -- Hoja 3160-31-3 Colonia Belgrano -- Hoja 3160-31-4 Gessler -- Hoja 3160-32-1 San Agustín -- Hoja 3160-32-3 Coronda. | |
| 651 | 7 | |a Argentina | |
| 859 | |a AR-BbBCA |b BIB. AGRONOMIA |h 631.4782 |i A691 3160-31/32 |p 1993/1908 | ||
